00266nam a2200121Ia 4500003000400000005001700004008004100021020001900062040002000081100001200101245002300113260000800136OSt20240304123400.0170524s9999 xx 000 0 und d a978-9352607754 cIIMT UINVERSITY aKhan MY 0aFinancial Services aTMH